00391 2200133 4500001002100000005001500021035002000036082000800056084001400064100004500078245010000123260002200223990001200245INLIS00000000000201520250527084831 a0010-0525000307 a530 a530 CHR m0 aChristopher P. Jargodzi, Franklin Potter1 aMania Fisika Asah Otak, Paradoks, dan Keingintahuan /cChristopher P. Jargodzi, Franklin Potter bPakar Raya,c2005 a0713210